Loading...
| Current Events | 1 | 20.00 | 100% | 100% | 0% |
| Fine Arts - Auditory Fine Arts | 8 | 22.50 | 100% | 88% | 38% |
| Fine Arts - Other Fine Arts | 5 | 16.00 | 100% | 60% | 0% |
| Fine Arts - Visual Fine Arts | 3 | 13.33 | 100% | 33% | 0% |
| Geography | 2 | 20.00 | 100% | 100% | 0% |
| History - American History | 6 | 13.33 | 100% | 33% | 0% |
| History - European History | 6 | 18.33 | 100% | 83% | 0% |
| History - Other History | 6 | 21.67 | 100% | 50% | 67% |
| History - World History | 10 | 17.00 | 90% | 60% | 20% |
| Literature - American Literature | 5 | 14.00 | 80% | 60% | 0% |
| Literature - British Literature | 7 | 18.57 | 100% | 57% | 29% |
| Literature - European Literature | 7 | 17.14 | 100% | 57% | 14% |
| Literature - World Literature | 7 | 18.57 | 100% | 86% | 0% |
| Mythology | 5 | 16.00 | 100% | 60% | 0% |
| Other Academic | 1 | 30.00 | 100% | 100% | 100% |
| Philosophy | 6 | 18.33 | 100% | 50% | 33% |
| Pop Culture | 3 | 20.00 | 100% | 100% | 0% |
| Popular Culture | 1 | 10.00 | 100% | 0% | 0% |
| Religion | 6 | 20.00 | 100% | 83% | 17% |
| Science - Biology | 7 | 22.86 | 100% | 100% | 29% |
| Science - Chemistry | 8 | 22.50 | 88% | 88% | 50% |
| Science - Other Science | 6 | 20.00 | 100% | 67% | 33% |
| Science - Physics | 3 | 16.67 | 100% | 67% | 0% |
| Social Science | 7 | 20.00 | 86% | 86% | 29% |